000 01430nam a2200325 c 4500
003 BLK
005 20180420223228.0
008 180408b bul|||||r ||||||| ||bul||
010 _aKNG00067962000
020 _a954-321-235-Х
_bиздат.: Изток-Запад
040 _aBLK
041 _aBUL
_cBUL
080 _aСоциография. Социално положение. Условия на политическия и социалния живот. Социално и социално-икономическо положение на отделните страни, народи, раси. Социална география. (Общи въпроси)
_b308
_x(4-6)
_z308(4-6)
100 1 _aПопов, Емил
_eпърви автор
_9291578
139 _aПопов, Емил
_bП 76
245 1 0 _aСто есета за Европа
_cЕмил Попов.
257 _aBGR
260 София
_bИзток-Запад
_c2006
300 _a239 с.
_c20 см
380 _a3
500 _aОфс. изд. - Съдържа и Брюкселска дантела или шарена черга / Александър Андреев
650 4 _aЕвропейски съюз
_9258188
653 _aЕвропейски съюз
653 _aесета
852 _aЦб 229074
856 4 _qpdf
_u
856 4 _qpdf
_u
942 _cKNG
_n0
944 _aCR
_c18.09.2006
_kГеновева_Генчева
944 _aED
_c20.08.2007
_k
999 _c63704
_d63704